[Event "WCO2014"]
[Site "Tromso"]
[Date "2014.08.05"]
[Round "4.25"]
[WhiteID "11600136"]
[White "Miezis Normunds"]
[BlackID "400173"]
[Black "Sadler Matthew D"]
[Result "0-1"]
[LiveChessVersion "1.4.3"]
[BlackElo "2653"]
[WhiteElo "2524"]

1. c4 {[%clk 1:30:56]} e6 {[%clk 1:30:45]} 2. Nf3 {[%clk 1:31:03]} d5
{[%clk 1:28:50]} 3. e3 {[%clk 1:30:48]} Nf6 {[%clk 1:28:25]} 4. b3
{[%clk 1:29:45]} a6 {[%clk 1:14:45]} 5. Bb2 {[%clk 1:26:04]} c5 {[%clk 1:15:02]}
6. Be2 {[%clk 1:19:17]} Nc6 {[%clk 1:15:19]} 7. cxd5 {[%clk 1:17:43]} exd5
{[%clk 1:14:24]} 8. d4 {[%clk 1:13:30]} Bd6 {[%clk 1:03:46]} 9. dxc5
{[%clk 1:11:01]} Bxc5 {[%clk 1:04:12]} 10. O-O {[%clk 1:10:37]} O-O
{[%clk 1:04:38]} 11. Nc3 {[%clk 1:03:48]} Re8 {[%clk 0:58:12]} 12. Na4
{[%clk 0:58:44]} Ba7 {[%clk 0:57:18]} 13. Rc1 {[%clk 0:55:26]} Ne4
{[%clk 0:52:40]} 14. Nc3 {[%clk 0:47:55]} Nf6 {[%clk 0:40:24]} 15. Na4
{[%clk 0:43:32]} Ne4 {[%clk 0:34:08]} 16. Nc3 {[%clk 0:39:14]} Be6
{[%clk 0:33:38]} 17. Nxe4 {[%clk 0:28:47]} dxe4 {[%clk 0:34:04]} 18. Nd4
{[%clk 0:27:37]} Nxd4 {[%clk 0:33:22]} 19. Bxd4 {[%clk 0:27:01]} Bxd4
{[%clk 0:33:44]} 20. Qxd4 {[%clk 0:26:14]} Qxd4 {[%clk 0:34:04]} 21. exd4
{[%clk 0:26:36]} Re7 {[%clk 0:28:55]} 22. f3 {[%clk 0:23:53]} Rd8
{[%clk 0:28:44]} 23. Rfd1 {[%clk 0:22:48]} Bd5 {[%clk 0:25:08]} 24. fxe4
{[%clk 0:20:49]} Bxe4 {[%clk 0:24:49]} 25. Rd2 {[%clk 0:20:47]} g6
{[%clk 0:20:44]} 26. Kf2 {[%clk 0:20:39]} Rd6 {[%clk 0:18:06]} 27. h3
{[%clk 0:18:33]} Red7 {[%clk 0:14:40]} 28. Rcd1 {[%clk 0:14:50]} Kg7
{[%clk 0:13:36]} 29. Bc4 {[%clk 0:14:23]} b5 {[%clk 0:13:13]} 30. Be2
{[%clk 0:14:20]} Rc7 {[%clk 0:12:56]} 31. Re1 {[%clk 0:13:43]} Rf6+
{[%clk 0:12:02]} 32. Kg1 {[%clk 0:11:20]} Bd5 {[%clk 0:12:24]} 33. Bd3
{[%clk 0:09:34]} Rf4 {[%clk 0:10:57]} 34. Bf1 {[%clk 0:09:07]} h5
{[%clk 0:11:08]} 35. Be2 {[%clk 0:06:08]} h4 {[%clk 0:09:53]} 36. Rf1
{[%clk 0:04:59]} Rxf1+ {[%clk 0:08:36]} 37. Kxf1 {[%clk 0:05:06]} Rc3
{[%clk 0:08:52]} 38. Kf2 {[%clk 0:05:14]} Kf6 {[%clk 0:09:15]} 39. Bd3
{[%clk 0:04:35]} Kg5 {[%clk 0:08:15]} 40. Be2 {[%clk 0:02:44]} Kf4
{[%clk 0:07:22]} 41. Bf1 {[%clk 0:02:49]} f6 {[%clk 0:18:59]} 42. Re2
{[%clk 0:33:11]} Be4 {[%clk 0:15:20]} 43. b4 {[%clk 0:29:43]} Ra3
{[%clk 0:13:47]} 44. Rd2 {[%clk 0:27:14]} Bd5 {[%clk 0:12:54]} 45. Be2
{[%clk 0:27:32]} f5 {[%clk 0:12:54]} 46. Bd1 {[%clk 0:26:43]} Rg3
{[%clk 0:12:42]} 47. Bf3 {[%clk 0:23:24]} Bxf3 {[%clk 0:10:36]} 48. gxf3
{[%clk 0:23:41]} Rxf3+ {[%clk 0:10:57]} 49. Kg2 {[%clk 0:23:54]} Rg3+
{[%clk 0:11:10]} 50. Kh2 {[%clk 0:24:07]} Ke3 {[%clk 0:11:08]} 51. Rd1
{[%clk 0:23:25]} Ke2 {[%clk 0:11:32]} 52. Rb1 {[%clk 0:23:21]} Rd3
{[%clk 0:10:21]} 53. Rg1 {[%clk 0:23:38]} Rxd4 {[%clk 0:10:38]} 54. Rxg6
{[%clk 0:23:58]} Rxb4 {[%clk 0:10:47]} 55. Rxa6 {[%clk 0:23:42]} f4
{[%clk 0:11:09]} 56. Rg6 {[%clk 0:22:08]} f3 {[%clk 0:07:33]} 57. Re6+
{[%clk 0:22:17]} Kf2 {[%clk 0:07:45]} 58. a3 {[%clk 0:20:14]} Rb2
{[%clk 0:07:57]} 59. a4 {[%clk 0:14:56]} Re2 {[%clk 0:06:33]} 60. Rf6
{[%clk 0:11:23]} Ke3+ {[%clk 0:06:46]} 61. Kg1 {[%clk 0:10:51]} Re1+
{[%clk 0:07:08]} 62. Kh2 {[%clk 0:11:14]} f2 {[%clk 0:07:33]} 0-1

[Event "WCO2014"]
[Site "Tromso"]
[Date "2014.08.05"]
[Round "4.21"]
[WhiteID "10200037"]
[White "Rahman Ziaur"]
[BlackID "14100010"]
[Black "Ivanchuk Vassily"]
[Result "1/2-1/2"]
[LiveChessVersion "1.4.3"]
[BlackElo "2744"]
[WhiteElo "2523"]

1. d4 {[%clk 1:30:53]} e6 {[%clk 1:30:55]} 2. Nf3 {[%clk 1:30:47]} c5
{[%clk 1:31:20]} 3. c3 {[%clk 1:30:56]} Nf6 {[%clk 1:30:02]} 4. Bg5
{[%clk 1:30:36]} cxd4 {[%clk 1:27:39]} 5. cxd4 {[%clk 1:30:09]} Qa5+
{[%clk 1:28:07]} 6. Bd2 {[%clk 1:23:58]} Qb6 {[%clk 1:28:15]} 7. Nc3
{[%clk 1:23:33]} Nc6 {[%clk 1:28:27]} 8. e3 {[%clk 1:23:04]} Be7 {[%clk 1:28:53]}
9. a3 {[%clk 1:21:25]} O-O {[%clk 1:29:04]} 10. Bd3 {[%clk 1:21:19]} d6
{[%clk 1:29:06]} 11. O-O {[%clk 1:18:50]} Bd7 {[%clk 1:29:15]} 12. Na4
{[%clk 1:12:21]} Qd8 {[%clk 1:25:51]} 13. Nc3 {[%clk 1:09:06]} Qb6
{[%clk 1:26:02]} 14. Na4 {[%clk 1:08:25]} Qd8 {[%clk 1:25:48]} 15. Nc3
{[%clk 1:08:43]} Qb6 1/2-1/2

[Event "WCO2014"]
[Site "Tromso"]
[Date "2014.08.05"]
[Round "4.22"]
[WhiteID "14103320"]
[White "Ponomariov Ruslan"]
[BlackID "10200444"]
[Black "Abdulla Al-Rakib"]
[Result "1/2-1/2"]
[LiveChessVersion "1.4.3"]
[BlackElo "2522"]
[WhiteElo "2717"]

1. d4 {[%clk 1:30:56]} Nf6 {[%clk 1:30:50]} 2. c4 {[%clk 1:31:16]} e6
{[%clk 1:31:16]} 3. Nc3 {[%clk 1:31:25]} Bb4 {[%clk 1:31:34]} 4. Qc2
{[%clk 1:31:34]} O-O {[%clk 1:31:41]} 5. a3 {[%clk 1:29:45]} Bxc3+
{[%clk 1:32:03]} 6. Qxc3 {[%clk 1:30:11]} d6 {[%clk 1:32:15]} 7. Nf3
{[%clk 1:28:35]} b6 {[%clk 1:30:04]} 8. b4 {[%clk 1:20:51]} Nbd7 {[%clk 1:26:34]}
9. Bb2 {[%clk 1:20:25]} Bb7 {[%clk 1:26:08]} 10. e3 {[%clk 1:18:48]} a5
{[%clk 1:23:23]} 11. Be2 {[%clk 1:17:06]} axb4 {[%clk 1:16:07]} 12. axb4
{[%clk 1:17:23]} Rxa1+ {[%clk 1:16:31]} 13. Bxa1 {[%clk 1:17:48]} Ne4
{[%clk 1:11:43]} 14. Qb2 {[%clk 1:15:14]} Qf6 {[%clk 0:57:54]} 15. O-O
{[%clk 1:11:16]} Ng5 {[%clk 0:46:19]} 16. Nxg5 {[%clk 1:02:22]} Qxg5
{[%clk 0:46:37]} 17. d5 {[%clk 1:02:38]} f5 {[%clk 0:31:47]} 18. f4
{[%clk 1:01:15]} Qe7 {[%clk 0:32:00]} 19. Qd2 {[%clk 0:51:46]} Nf6
{[%clk 0:28:58]} 20. Bf3 {[%clk 0:51:36]} exd5 {[%clk 0:26:27]} 21. cxd5
{[%clk 0:50:23]} Qf7 {[%clk 0:19:04]} 22. Rd1 {[%clk 0:46:37]} Re8
{[%clk 0:19:23]} 23. h3 {[%clk 0:45:32]} Ra8 {[%clk 0:13:27]} 24. Bxf6
{[%clk 0:32:35]} Qxf6 {[%clk 0:13:45]} 25. Qc1 {[%clk 0:32:51]} Qf7
{[%clk 0:11:44]} 26. Qc3 {[%clk 0:30:53]} h6 {[%clk 0:05:13]} 27. Rd2
{[%clk 0:28:53]} Re8 {[%clk 0:05:22]} 28. Kf2 {[%clk 0:28:30]} Ba6
{[%clk 0:04:18]} 29. Rc2 {[%clk 0:22:33]} Re7 {[%clk 0:04:46]} 30. Qd4
{[%clk 0:22:35]} Qf6 {[%clk 0:04:04]} 31. Qxf6 {[%clk 0:21:26]} gxf6
{[%clk 0:04:32]} 32. Rc3 {[%clk 0:21:15]} Kg7 {[%clk 0:03:41]} 33. Ke1
{[%clk 0:18:50]} Bb5 {[%clk 0:02:48]} 34. Kd2 {[%clk 0:19:11]} Kf8
{[%clk 0:02:57]} 35. Ra3 {[%clk 0:18:17]} Kg7 {[%clk 0:01:36]} 36. Ra8
{[%clk 0:14:09]} Bf1 {[%clk 0:01:39]} 37. h4 {[%clk 0:11:02]} Bb5
{[%clk 0:01:52]} 38. g4 {[%clk 0:08:52]} Bd7 {[%clk 0:01:10]} 39. gxf5
{[%clk 0:08:21]} Bxf5 {[%clk 0:01:38]} 40. Ke2 {[%clk 0:08:22]} Be4
{[%clk 0:01:12]} 41. Kf2 {[%clk 0:01:37]} Bxf3 {[%clk 0:25:38]} 42. Kxf3
{[%clk 0:32:56]} f5 {[%clk 0:26:03]} 43. h5 {[%clk 0:25:16]} Re4 {[%clk 0:17:32]}
44. Rd8 Rxb4 {[%clk 0:13:17]} 45. Rd7+ {[%clk 0:23:43]} Kf6 {[%clk 0:13:40]} 46.
Rxc7 {[%clk 0:22:10]} Rb5 {[%clk 0:14:04]} 47. Rb7 {[%clk 0:20:22]} Rxd5
{[%clk 0:13:26]} 48. Rxb6 {[%clk 0:20:48]} Rd2 {[%clk 0:13:39]} 49. Rb1
{[%clk 0:19:45]} Rh2 {[%clk 0:12:20]} 50. Kg3 {[%clk 0:19:34]} Re2
{[%clk 0:12:31]} 51. Kf3 {[%clk 0:19:55]} Rh2 {[%clk 0:12:59]} 52. Kg3
{[%clk 0:20:16]} Re2 {[%clk 0:13:26]} 53. Kf3 {[%clk 0:20:35]} Ke5 54. Ke4+
1/2-1/2

[Event "WCO2014"]
[Site "Tromso"]
[Date "2014.08.05"]
[Round "4.23"]
[WhiteID "10200649"]
[White "Hossain Enamul"]
[BlackID "14102951"]
[Black "Eljanov Pavel"]
[Result "0-1"]
[LiveChessVersion "1.4.3"]
[BlackElo "2723"]
[WhiteElo "2421"]

1. e4 {[%clk 1:30:54]} e5 {[%clk 1:30:55]} 2. Nf3 {[%clk 1:31:06]} Nc6
{[%clk 1:31:21]} 3. Bc4 {[%clk 1:31:17]} Bc5 {[%clk 1:31:33]} 4. c3
{[%clk 1:31:28]} Nf6 {[%clk 1:31:58]} 5. d3 {[%clk 1:31:38]} O-O {[%clk 1:31:49]}
6. Bg5 {[%clk 1:30:05]} h6 {[%clk 1:31:13]} 7. Bh4 {[%clk 1:29:57]} Be7
{[%clk 1:31:30]} 8. Nbd2 {[%clk 1:30:00]} d6 {[%clk 1:31:35]} 9. Bb3
{[%clk 1:29:07]} Nh5 {[%clk 1:29:57]} 10. Bg3 {[%clk 1:27:58]} g6
{[%clk 1:18:13]} 11. Nc4 {[%clk 1:02:41]} Bf6 {[%clk 1:05:02]} 12. Ne3
{[%clk 1:01:21]} Ne7 {[%clk 1:00:15]} 13. d4 {[%clk 0:50:05]} exd4
{[%clk 0:59:00]} 14. Nxd4 {[%clk 0:50:22]} Nxg3 {[%clk 0:55:44]} 15. hxg3
{[%clk 0:49:34]} Bg7 {[%clk 0:56:11]} 16. Qf3 {[%clk 0:45:23]} a5
{[%clk 0:53:26]} 17. Ng4 {[%clk 0:29:39]} Bxg4 {[%clk 0:51:45]} 18. Qxg4
{[%clk 0:28:59]} a4 {[%clk 0:51:59]} 19. Bc2 {[%clk 0:26:54]} a3 {[%clk 0:50:10]}
20. b3 {[%clk 0:27:17]} Nc6 {[%clk 0:48:23]} 21. Rd1 {[%clk 0:24:28]} Nxd4
{[%clk 0:45:50]} 22. cxd4 {[%clk 0:24:56]} c5 {[%clk 0:44:49]} 23. dxc5
{[%clk 0:18:33]} Qa5+ {[%clk 0:45:12]} 24. Kf1 {[%clk 0:18:12]} dxc5
{[%clk 0:45:02]} 25. Kg1 {[%clk 0:16:10]} Rad8 {[%clk 0:42:04]} 26. Bd3
{[%clk 0:10:34]} Qc3 {[%clk 0:41:39]} 27. Qe2 {[%clk 0:08:52]} Rd4
{[%clk 0:39:22]} 28. Kh2 {[%clk 0:08:29]} Rfd8 {[%clk 0:37:09]} 29. Bc4
{[%clk 0:04:08]} Rd2 {[%clk 0:25:18]} 30. Qg4 {[%clk 0:04:31]} b5
{[%clk 0:16:51]} 31. Bd5 {[%clk 0:04:18]} Rf8 {[%clk 0:16:38]} 32. Rxd2
{[%clk 0:02:50]} Qxd2 {[%clk 0:17:02]} 33. f4 {[%clk 0:02:49]} Qxa2
{[%clk 0:15:27]} 34. e5 {[%clk 0:02:41]} Qb2 {[%clk 0:12:46]} 35. Qxg6
{[%clk 0:01:33]} a2 {[%clk 0:09:46]} 36. Qa6 {[%clk 0:02:01]} Qd2
{[%clk 0:02:38]} 37. Qd6 {[%clk 0:01:12]} Qd4 {[%clk 0:02:41]} 38. e6 fxe6 39.
Qxe6+ {[%clk 0:00:49]} Kh8 {[%clk 0:03:18]} 40. Be4 {[%clk 0:01:10]} Qf6
{[%clk 0:02:57]} 41. Qg4 {[%clk 0:01:34]} Qd6 {[%clk 0:01:33]} 42. Rd1
{[%clk 0:29:25]} Bd4 {[%clk 0:31:36]} 0-1

[Event "WCO2014"]
[Site "Tromso"]
[Date "2014.08.05"]
[Round "4.24"]
[WhiteID "14102560"]
[White "Moiseenko Alexander"]
[BlackID "10200010"]
[Black "Murshed Niaz"]
[Result "1-0"]
[LiveChessVersion "1.4.3"]
[BlackElo "2453"]
[WhiteElo "2707"]

1. d4 {[%clk 1:30:57]} d5 {[%clk 1:30:43]} 2. c4 {[%clk 1:31:21]} e6
{[%clk 1:31:08]} 3. Nc3 {[%clk 1:31:25]} Bb4 {[%clk 1:31:31]} 4. cxd5
{[%clk 1:31:18]} exd5 {[%clk 1:31:25]} 5. Bf4 {[%clk 1:31:41]} Nf6
{[%clk 1:28:04]} 6. e3 {[%clk 1:32:05]} c6 {[%clk 1:17:22]} 7. Bd3
{[%clk 1:30:46]} Bg4 {[%clk 1:17:14]} 8. Nge2 {[%clk 1:18:44]} O-O
{[%clk 1:04:22]} 9. f3 {[%clk 1:15:58]} Bh5 {[%clk 1:02:20]} 10. g4
{[%clk 1:15:35]} Bg6 {[%clk 1:02:19]} 11. h4 {[%clk 1:16:00]} Nbd7
{[%clk 0:50:59]} 12. h5 {[%clk 1:13:08]} Bxd3 {[%clk 0:51:24]} 13. Qxd3
{[%clk 1:13:35]} Ne8 {[%clk 0:50:33]} 14. O-O-O {[%clk 1:09:37]} Bd6
{[%clk 0:50:27]} 15. Kb1 {[%clk 1:03:45]} b5 {[%clk 0:49:59]} 16. e4
{[%clk 0:57:47]} b4 {[%clk 0:47:14]} 17. Na4 {[%clk 0:58:07]} Bxf4
{[%clk 0:42:04]} 18. Nxf4 {[%clk 0:58:26]} Qg5 {[%clk 0:42:18]} 19. Nh3
{[%clk 0:48:31]} dxe4 {[%clk 0:42:29]} 20. fxe4 {[%clk 0:48:52]} Qb5
{[%clk 0:33:04]} 21. Qc2 {[%clk 0:47:52]} Nc7 {[%clk 0:23:41]} 22. Rhf1
{[%clk 0:25:47]} Ne6 {[%clk 0:17:27]} 23. Rf5 {[%clk 0:25:20]} Qa6
{[%clk 0:17:25]} 24. Ng5 {[%clk 0:24:45]} Rae8 {[%clk 0:11:48]} 25. h6
{[%clk 0:17:55]} g6 {[%clk 0:11:43]} 26. Nxe6 {[%clk 0:18:14]} Rxe6
{[%clk 0:10:47]} 27. Nc5 {[%clk 0:17:20]} Nxc5 {[%clk 0:11:04]} 28. Rxc5
{[%clk 0:17:44]} Rfe8 {[%clk 0:05:10]} 29. e5 {[%clk 0:17:22]} Rd8
{[%clk 0:04:50]} 30. g5 {[%clk 0:16:42]} Qb6 {[%clk 0:03:31]} 31. Qc4
{[%clk 0:16:26]} Kf8 {[%clk 0:03:16]} 32. Rf1 {[%clk 0:15:35]} Rde8
{[%clk 0:00:43]} 33. Rf6 {[%clk 0:12:56]} Rxf6 {[%clk 0:01:08]} 34. gxf6
{[%clk 0:13:23]} Re6 {[%clk 0:01:33]} 35. Kc2 {[%clk 0:13:12]} Ke8
{[%clk 0:01:18]} 36. Kb3 {[%clk 0:13:05]} Kd8 {[%clk 0:01:10]} 37. d5
{[%clk 0:09:18]} Rxe5 {[%clk 0:01:37]} 38. Rxc6 {[%clk 0:09:36]} Re3+
{[%clk 0:01:34]} 39. Ka4 {[%clk 0:09:19]} 1-0

[Event "WCO2014"]
[Site "Tromso"]
[Date "2014.08.05"]
[Round "4.24"]
[WhiteID "105309"]
[White "Peralta Fernando"]
[BlackID "4202031"]
[Black "Banikas Hristos"]
[Result "1/2-1/2"]
[LiveChessVersion "1.4.3"]
[BlackElo "2644"]
[WhiteElo "2574"]

1. d4 {[%clk 1:30:57]} Nf6 {[%clk 1:30:49]} 2. c4 {[%clk 1:31:23]} e6
{[%clk 1:31:10]} 3. Nc3 {[%clk 1:31:49]} Bb4 {[%clk 1:31:33]} 4. e3
{[%clk 1:32:16]} O-O {[%clk 1:31:55]} 5. Bd3 {[%clk 1:32:28]} d5 {[%clk 1:32:10]}
6. Nf3 {[%clk 1:32:33]} c5 {[%clk 1:32:32]} 7. O-O {[%clk 1:32:56]} dxc4
{[%clk 1:32:51]} 8. Bxc4 {[%clk 1:33:17]} cxd4 {[%clk 1:32:49]} 9. exd4
{[%clk 1:33:43]} b6 {[%clk 1:33:08]} 10. Bg5 {[%clk 1:32:18]} Bb7
{[%clk 1:32:55]} 11. Qe2 {[%clk 1:32:16]} Bxc3 {[%clk 1:31:50]} 12. bxc3
{[%clk 1:32:38]} Nbd7 {[%clk 1:31:56]} 13. Ne5 {[%clk 1:32:43]} Qc7
{[%clk 1:29:20]} 14. Nxd7 {[%clk 1:32:54]} Nxd7 {[%clk 1:28:50]} 15. Rac1
{[%clk 1:33:16]} Rfe8 {[%clk 1:28:35]} 16. Rfe1 {[%clk 1:30:32]} Nf8
{[%clk 1:23:24]} 17. Bd3 {[%clk 1:25:24]} Rac8 {[%clk 1:14:39]} 18. Qg4
{[%clk 1:12:59]} Qd6 {[%clk 1:07:36]} 19. h4 {[%clk 1:04:22]} f5 {[%clk 0:55:17]}
20. Qf4 {[%clk 1:03:22]} Qxf4 {[%clk 0:49:30]} 21. Bxf4 {[%clk 1:03:47]} Ng6
{[%clk 0:49:42]} 22. Bg3 {[%clk 1:03:21]} Kf7 {[%clk 0:50:07]} 23. f3
{[%clk 0:53:21]} Ne7 {[%clk 0:43:52]} 24. Bf2 {[%clk 0:49:03]} Rc7
{[%clk 0:40:43]} 25. Bg3 {[%clk 0:36:53]} Rcc8 {[%clk 0:41:08]} 26. h5
{[%clk 0:26:54]} Red8 {[%clk 0:37:42]} 27. Bf4 {[%clk 0:25:20]} Nd5
{[%clk 0:36:38]} 28. Bg5 {[%clk 0:16:54]} Rd7 {[%clk 0:37:04]} 29. c4
{[%clk 0:12:24]} Ne7 {[%clk 0:37:05]} 30. d5 {[%clk 0:11:29]} exd5
{[%clk 0:37:12]} 31. cxd5 {[%clk 0:10:07]} Rxc1 {[%clk 0:37:26]} 32. Rxc1
{[%clk 0:10:29]} Bxd5 {[%clk 0:37:52]} 33. Bb5 {[%clk 0:09:26]} Rb7
{[%clk 0:38:14]} 34. Ba6 {[%clk 0:09:26]} Rd7 {[%clk 0:38:40]} 35. Bb5
{[%clk 0:08:06]} Rb7 {[%clk 0:39:06]} 36. Ba6 {[%clk 0:07:43]} 1/2-1/2

[Event "WCO2014"]
[Site "Tromso"]
[Date "2014.08.05"]
[Round "4.23"]
[WhiteID "4201345"]
[White "Papaioannou Ioannis"]
[BlackID "112275"]
[Black "Mareco Sandro"]
[Result "1/2-1/2"]
[LiveChessVersion "1.4.3"]
[BlackElo "2574"]
[WhiteElo "2641"]

1. d4 {[%clk 1:30:51]} Nf6 {[%clk 1:30:57]} 2. Nf3 {[%clk 1:31:09]} e6
{[%clk 1:31:24]} 3. Bf4 {[%clk 1:31:26]} b6 {[%clk 1:30:39]} 4. e3
{[%clk 1:30:29]} Bb7 {[%clk 1:31:02]} 5. Bd3 {[%clk 1:30:34]} c5 {[%clk 1:31:24]}
6. Nbd2 {[%clk 1:30:26]} Be7 {[%clk 1:31:22]} 7. h3 {[%clk 1:30:11]} O-O
{[%clk 1:31:29]} 8. O-O {[%clk 1:30:24]} d6 {[%clk 1:29:17]} 9. Bh2
{[%clk 1:29:53]} a6 {[%clk 1:26:52]} 10. c3 {[%clk 1:29:21]} cxd4
{[%clk 1:25:17]} 11. cxd4 {[%clk 1:28:32]} Nc6 {[%clk 1:22:08]} 12. a3
{[%clk 1:24:25]} b5 {[%clk 1:20:47]} 13. Qe2 {[%clk 1:19:48]} Qb6
{[%clk 1:14:34]} 14. Rac1 {[%clk 1:17:02]} Rac8 {[%clk 1:09:06]} 15. Bg3
{[%clk 1:10:39]} Nh5 {[%clk 0:46:16]} 16. Bh2 {[%clk 1:10:39]} Nf6
{[%clk 0:45:03]} 17. Rc2 {[%clk 1:05:11]} Nb8 {[%clk 0:38:26]} 18. Rfc1
{[%clk 1:04:25]} Rxc2 {[%clk 0:38:48]} 19. Rxc2 {[%clk 1:04:50]} Rc8
{[%clk 0:39:08]} 20. Rxc8+ {[%clk 1:04:08]} Bxc8 {[%clk 0:39:33]} 21. e4
{[%clk 0:56:34]} Bb7 {[%clk 0:36:09]} 22. Bf4 {[%clk 0:56:25]} Nbd7
{[%clk 0:34:01]} 23. Nf1 {[%clk 0:50:55]} Qc7 {[%clk 0:32:23]} 24. Bd2
{[%clk 0:50:48]} Nb6 {[%clk 0:25:01]} 25. Ba5 {[%clk 0:46:37]} Nfd7
{[%clk 0:25:18]} 26. d5 {[%clk 0:42:38]} e5 {[%clk 0:23:17]} 27. Qd2
{[%clk 0:38:43]} Qc8 {[%clk 0:18:34]} 28. Ne3 {[%clk 0:35:43]} g6
{[%clk 0:18:57]} 29. b3 {[%clk 0:34:53]} Bd8 {[%clk 0:15:49]} 30. Ng4
{[%clk 0:31:06]} h5 {[%clk 0:15:51]} 31. Ne3 {[%clk 0:27:03]} Nc5
{[%clk 0:16:11]} 32. Bc2 {[%clk 0:27:10]} Qd7 {[%clk 0:14:48]} 33. Bxb6
{[%clk 0:20:07]} Bxb6 {[%clk 0:15:10]} 34. b4 {[%clk 0:20:35]} Na4
{[%clk 0:15:20]} 35. Bxa4 {[%clk 0:20:58]} bxa4 {[%clk 0:15:42]} 36. Nc4
{[%clk 0:21:17]} Bd8 {[%clk 0:14:44]} 37. Na5 {[%clk 0:19:34]} Bxa5
{[%clk 0:13:23]} 38. bxa5 {[%clk 0:19:59]} Qb5 {[%clk 0:13:45]} 39. Kh2
{[%clk 0:18:07]} Qc4 {[%clk 0:03:16]} 40. Qe3 {[%clk 0:12:35]} Kg7
{[%clk 0:02:55]} 41. Qa7 {[%clk 0:11:05]} Qxe4 {[%clk 0:01:02]} 42. Qxb7
{[%clk 0:10:56]} Qf4+ {[%clk 0:01:28]} 43. Kh1 {[%clk 0:10:35]} Qc1+
{[%clk 0:01:54]} 44. Kh2 {[%clk 0:06:23]} Qf4+ {[%clk 0:02:21]} 45. Kh1
{[%clk 0:06:48]} Qc1+ {[%clk 0:02:49]} 46. Ng1 {[%clk 0:24:03]} Qxa3
{[%clk 0:33:40]} 47. Qxa6 {[%clk 0:24:28]} Qb2 {[%clk 0:33:19]} 48. Qc6
{[%clk 0:24:21]} a3 {[%clk 0:32:04]} 49. a6 {[%clk 0:24:45]} a2 {[%clk 0:27:27]}
50. a7 {[%clk 0:25:08]} a1=Q {[%clk 0:27:50]} 51. a8=Q {[%clk 0:25:34]} Qxa8
{[%clk 0:26:15]} 52. Qxa8 {[%clk 0:25:59]} Qxf2 {[%clk 0:26:39]} 53. Qa3
{[%clk 0:25:37]} Qf6 {[%clk 0:26:37]} 54. Qb4 {[%clk 0:25:33]} Qe7
{[%clk 0:26:17]} 55. Ne2 {[%clk 0:25:11]} f5 {[%clk 0:23:44]} 56. Kg1
{[%clk 0:23:42]} Qa7+ {[%clk 0:23:43]} 57. Kh2 {[%clk 0:23:16]} Qa2
{[%clk 0:13:02]} 58. Qb7+ {[%clk 0:20:07]} Kf6 {[%clk 0:06:02]} 59. Ng1
{[%clk 0:15:06]} h4 {[%clk 0:06:21]} 60. Qh7 {[%clk 0:12:45]} Qc4
{[%clk 0:06:12]} 61. Kh1 {[%clk 0:11:20]} Qf4 {[%clk 0:04:32]} 62. Qh8+
{[%clk 0:10:37]} Kf7 {[%clk 0:04:56]} 63. Qh7+ {[%clk 0:10:58]} Kf6
{[%clk 0:05:22]} 64. Qd7 {[%clk 0:09:21]} e4 {[%clk 0:05:42]} 65. Qe6+
{[%clk 0:09:36]} Kg5 {[%clk 0:04:11]} 66. Qe7+ {[%clk 0:08:55]} Kh5
{[%clk 0:04:11]} 67. Qh7+ {[%clk 0:08:12]} Kg5 {[%clk 0:04:37]} 68. Qh8
{[%clk 0:08:01]} Qg3 {[%clk 0:04:58]} 69. Qa1 {[%clk 0:07:04]} Qd3
{[%clk 0:04:53]} 70. Qg7 {[%clk 0:06:26]} 1/2-1/2

[Event "WCO2014"]
[Site "Tromso"]
[Date "2014.08.05"]
[Round "4.22"]
[WhiteID "107069"]
[White "Felgaer Ruben"]
[BlackID "4202694"]
[Black "Mastrovasilis Dimitrios"]
[Result "1/2-1/2"]
[LiveChessVersion "1.4.3"]
[BlackElo "2608"]
[WhiteElo "2564"]

1. e4 {[%clk 1:30:55]} e5 {[%clk 1:30:51]} 2. Nf3 {[%clk 1:31:17]} Nc6
{[%clk 1:31:10]} 3. Bb5 {[%clk 1:31:31]} Nf6 {[%clk 1:31:29]} 4. d3
{[%clk 1:31:14]} Bc5 {[%clk 1:31:43]} 5. O-O {[%clk 1:30:17]} Nd4
{[%clk 1:30:42]} 6. Nxd4 {[%clk 1:30:28]} Bxd4 {[%clk 1:31:04]} 7. Nd2
{[%clk 1:30:40]} c6 {[%clk 1:25:44]} 8. Ba4 {[%clk 1:30:45]} O-O {[%clk 1:25:39]}
9. Nf3 {[%clk 1:25:02]} d5 {[%clk 1:25:48]} 10. exd5 {[%clk 1:18:44]} Qxd5
{[%clk 1:25:13]} 11. Bb3 {[%clk 1:18:45]} Qd6 {[%clk 1:25:16]} 12. Nxd4
{[%clk 1:14:00]} exd4 {[%clk 1:24:05]} 13. Qf3 {[%clk 1:12:17]} Be6
{[%clk 1:22:26]} 14. Bf4 {[%clk 1:09:39]} Qc5 {[%clk 1:09:05]} 15. Bxe6
{[%clk 1:07:33]} fxe6 {[%clk 1:09:33]} 16. Qe2 {[%clk 1:07:41]} Rae8
{[%clk 1:08:49]} 17. Be5 {[%clk 1:05:12]} Nd7 {[%clk 1:02:20]} 18. Bg3
{[%clk 1:05:36]} Qd5 {[%clk 1:02:18]} 19. Rfe1 {[%clk 1:02:20]} e5
{[%clk 0:53:52]} 20. c4 {[%clk 0:52:14]} Qf7 {[%clk 0:42:47]} 21. b4
{[%clk 0:50:06]} Re6 {[%clk 0:42:35]} 22. Qc2 {[%clk 0:32:46]} Qf5
{[%clk 0:40:29]} 23. Re2 {[%clk 0:29:29]} g5 {[%clk 0:36:36]} 24. h3
{[%clk 0:22:36]} h5 {[%clk 0:35:32]} 25. f3 {[%clk 0:22:57]} Rfe8
{[%clk 0:26:38]} 26. Rae1 {[%clk 0:23:14]} Nf6 {[%clk 0:24:31]} 27. Qd2
{[%clk 0:12:37]} Nd7 {[%clk 0:13:54]} 28. h4 {[%clk 0:11:02]} g4 {[%clk 0:13:56]}
29. Qg5+ {[%clk 0:06:52]} Qxg5 {[%clk 0:14:06]} 30. hxg5 {[%clk 0:07:21]} Kf7
{[%clk 0:08:07]} 31. fxg4 {[%clk 0:07:00]} hxg4 {[%clk 0:07:28]} 32. Re4
{[%clk 0:07:13]} a5 {[%clk 0:07:42]} 33. a3 {[%clk 0:06:49]} axb4
{[%clk 0:06:47]} 34. axb4 {[%clk 0:07:18]} Kg6 {[%clk 0:06:42]} 35. Rxg4
{[%clk 0:06:45]} c5 {[%clk 0:05:37]} 36. b5 {[%clk 0:05:38]} e4 {[%clk 0:02:40]}
37. Rgxe4 {[%clk 0:03:06]} Rxe4 {[%clk 0:03:03]} 38. Rxe4 {[%clk 0:01:03]} Rxe4
39. dxe4 Nb6 {[%clk 0:03:13]} 40. Bd6 {[%clk 0:00:52]} Nxc4 {[%clk 0:02:41]} 41.
Bxc5 {[%clk 0:01:04]} d3 {[%clk 0:03:05]} 42. Kf2 {[%clk 0:00:49]} Nd2
{[%clk 0:03:17]} 43. Ke3 {[%clk 0:29:34]} Nxe4 {[%clk 0:34:04]} 44. Bb4
{[%clk 0:28:47]} d2 {[%clk 0:34:27]} 45. Ke2 {[%clk 0:26:20]} b6 {[%clk 0:33:53]}
46. Bxd2 {[%clk 0:25:55]} Nd6 {[%clk 0:34:15]} 47. Be3 {[%clk 0:26:18]} Nxb5
{[%clk 0:34:39]} 48. Bxb6 {[%clk 0:26:45]} Kxg5 {[%clk 0:34:25]} 1/2-1/2